000 00689 a2200205 4500
999 _c183006
_d183006
005 20211214153726.0
010 _aENG-130305
020 _c599.00
_a978-93-903-9477-7
035 _aEN-113837
037 _bDBAD / PUB
082 _a540
100 _aSinghal, A.K.
245 _aObjective Chemistry for Neet 2021:
_cA.K. Singhal
250 _a2021
260 _bPearson India Education Services Pvt. Ltd
_c2021
_aUttar Pradesh
270 _a15th Floor, Tower-B, World Trade Tower, Plot No. 1, Block-C, Sector-16,
_bNoida
_e201301
_mcompanysecretary.india@pearson.com
300 _a13.15p.
_c25cm (pbk)
700 _aU.K. Singhal
942 _adpl
_cEN
_2ddc
_h540
_mSIN